UNDERSTANDING MEDICAL SURGICAL NURSING (Record no. 6851)

MARC details
000 -LEADER
fixed length control field 00348nam a2200133Ia 4500
008 - FIXED-LENGTH DATA ELEMENTS--GENERAL INFORMATION
fixed length control field 150301s2012 xx 000 0 und d
082 ## - DEWEY DECIMAL CLASSIFICATION NUMBER
Classification number 610.7367
Item number U12W
100 ## - MAIN ENTRY--PERSONAL NAME
Personal name WILLIAMS, LINDA'S
245 ## - TITLE STATEMENT
Title UNDERSTANDING MEDICAL SURGICAL NURSING
260 ## - PUBLICATION, DISTRIBUTION, ETC. (IMPRINT)
Name of publisher, distributor, etc. FA. DAVIS.
Date of publication, distribution, etc. 2012
300 ## - PHYSICAL DESCRIPTION
Extent 1459
650 ## - SUBJECT ADDED ENTRY--TOPICAL TERM
Topical term or geographic name as entry element MEDICAL SURGICAL NURSING
942 ## - ADDED ENTRY ELEMENTS (KOHA)
Source of classification or shelving scheme Dewey Decimal Classification
Koha item type Books
Koha issues (borrowed), all copies 3
Holdings
Withdrawn status Lost status Source of classification or shelving scheme Damaged status Not for loan Collection code Home library Current library Shelving location Date acquired Source of acquisition Cost, normal purchase price SGTU Bill Number Total Checkouts Full call number Barcode Date last seen Date last checked out Bill Date Koha item type
    Dewey Decimal Classification     NURSING SGT Medical Library SGT Medical Library Text Book 02/07/2015 ABC DELHI 1295.00 SGTU 5533 2 610.7367 U12W FN2907 11/11/2022 28/10/2022 25/03/2015 Books
    Dewey Decimal Classification     NURSING SGT Medical Library SGT Medical Library Text Book 02/07/2015 ABC DELHI 1295.00 SGTU 5533 2 610.7367 U12W FN2908 28/01/2025 10/01/2025 25/03/2015 Books